000 01333nam a2200241Ia 4500
003 Ost
005 20260507075520.0
008 260507s9999||||xx |||||||||||||| ||und||
020 _a996100440x
040 _cfsecg
041 _aara
082 _a658.84
100 _aعطون، مروان
_eمؤلف
245 0 _aالأسواق النقدية والمالية :
_bالبورصات ومشكلاتها في عالم النقد والمال:ج2مشكلات البورصات وانعكاساتها على البلدان النامية /
_c مروان عطون
250 _aطبعة 3
260 _aالجزائر:
_bديوان المطبوعات الجامعية,
_c2005
300 _a390 صفحة؛
_bإيضاحات ؛
_c22 سم
504 _aببليوغرافيا:ص ص.377-386
520 _aمشكلات أسعار صرف العملات في الأسواق المالية،الأزمات النقدية والمالية الدولية حتى بداية الثمانينات،أزمات الأسواق المالية الدولية عامي(1987)و(1989)،خصائص أزمة الأسواق المالية في الولايات المتحدة الأمريكية،الأسواق المالية الدولية والبلدان النامية
653 _aالأسواق
653 _aالبورصات
942 _cكتاب
999 _c44772
_d44772